[Event "LSS WC-2014-P-00004"]
[Site "LSS email"]
[Date "2010.02.18"]
[Round "?"]
[White "Rahde, Frank"]
[Black "Ribeiro, Vitor Manuel"]
[Result "0-1"]
[WhiteElo "2103"]
[BlackElo "2160"]
[PlyCount "58"]
[EventDate "2010.02.24"]
[EventType "tourn (corr)"]
[EventRounds "6"]
[EventCountry "GER"]
[SourceTitle "Telechess CBM 141"]
[Source "ChessBase"]
[SourceDate "2011.03.17"]
[SourceVersion "1"]
[SourceVersionDate "2011.03.17"]
[SourceQuality "1"]

1. e4 d6 2. d4 Nf6 3. Nc3 g6 4. f3 Bg7 5. Be3 c6 6. Qd2 b5 7. g4 h5 8. g5 Nfd7 9. f4 Nb6 10. Nf3 d5 11. Bd3 b4 12. Nd1 a5 13. 0-0 0-0 14. Rc1 dxe4 15. Bxe4 Nc4 16. Qe2 Ba6 17. Bd3 Nxe3 18. Qxe3 c5 19. dxc5 Qc8 20. f5 gxf5 21. Qxe7 Nc6 22. Bxa6 Rxa6 23. Qe2 Re8 24. Qd2 Ne5 25. Nxe5 Rxe5 26. c3 f4 27. Qxf4 Qxc5+ 28. Nf2 Rae6 29. h4 b3 0-1

[Event "LSS WC-2014-P-00004"]
[Site "LSS email"]
[Date "2010.02.18"]
[Round "?"]
[White "Ribeiro, Vitor Manuel"]
[Black "Broniek, Mariusz Maciej"]
[Result "0-1"]
[WhiteElo "2154"]
[BlackElo "2356"]
[PlyCount "74"]
[EventDate "2010.02.24"]
[EventType "tourn (corr)"]
[EventRounds "6"]
[EventCountry "GER"]
[SourceTitle "Telechess CBM 141"]
[Source "ChessBase"]
[SourceDate "2011.03.17"]
[SourceVersion "1"]
[SourceVersionDate "2011.03.17"]
[SourceQuality "1"]

1. e4 c5 2. Nf3 d6 3. d4 cxd4 4. Nxd4 Nf6 5. Nc3 a6 6. Be3 e6 7. g4 e5 8. Nf5 g6 9. g5 gxf5 10. exf5 d5 11. Qf3 d4 12. 0-0-0 Nbd7 13. Bd2 dxc3 14. Bxc3 Rg8 15. gxf6 Qxf6 16. Bd3 Bc5 17. Kb1 Ra7 18. Rhe1 b6 19. Be4 Rc7 20. Qe2 Qg5 21. Bd2 Qg4 22. f3 Qh5 23. Qd3 Be7 24. Qb3 Rg2 25. Bc3 b5 26. a4 Nc5 27. Qd5 f6 28. axb5 axb5 29. Qa8 Nxe4 30. fxe4 Qh4 31. Qb8 Rc5 32. h3 Kf7 33. Rc1 Qf2 34. h4 Rxc3 35. bxc3 Qc5 36. Qa8 Rg4 37. Qa2+ Kf8 0-1

[Event "LSS WC-2014-P-00004"]
[Site "LSS email"]
[Date "2010.02.18"]
[Round "?"]
[White "Ribeiro, Vitor Manuel"]
[Black "Radozycki, Tomasz"]
[Result "1-0"]
[WhiteElo "2139"]
[BlackElo "1655"]
[PlyCount "126"]
[EventDate "2010.02.24"]
[EventType "tourn (corr)"]
[EventRounds "6"]
[EventCountry "GER"]
[SourceTitle "Corr 2013"]
[Source "ChessBase"]
[SourceDate "2012.11.12"]
[SourceVersion "1"]
[SourceVersionDate "2012.11.12"]
[SourceQuality "1"]
[WhiteTeam "US of America"]
[BlackTeam "US of America"]
[WhiteTeamCountry "USA"]
[BlackTeamCountry "USA"]

1. d4 e6 2. c4 d5 3. Nf3 Nf6 4. Nc3 Bb4 5. cxd5 exd5 6. Bg5 h6 7. Bh4 c6 8. e3 Qa5 9. Bxf6 Bxc3+ 10. bxc3 Qxc3+ 11. Nd2 gxf6 12. Be2 Bf5 13. 0-0 Nd7 14. a4 Rg8 15. a5 a6 16. g3 0-0-0 17. Ra2 Kb8 18. Qa4 c5 19. Nb1 Qb4 20. Qxb4 cxb4 21. Ra4 Rc8 22. Rxb4 Ka7 23. Rb3 Nb8 24. Nc3 Nc6 25. Ra1 Bc2 26. Rba3 Rgd8 27. h4 Bf5 28. Bf3 Be6 29. Rb3 Rc7 30. Ne2 Bf5 31. Rb6 Bd3 32. Nf4 Bc4 33. Kh2 f5 34. Bd1 Rh8 35. Rb2 Rd8 36. Be2 Bxe2 37. Rxe2 Ne7 38. Nd3 Rdc8 39. Kg2 Rc3 40. Nc5 Nc6 41. Rb2 Rc7 42. h5 Rc4 43. Kf3 f6 44. Raa2 Nb4 45. Ra3 Nc6 46. Ra1 f4 47. Ne6 Re7 48. Nxf4 Rd7 49. Ne6 Re7 50. Nc5 Rc7 51. g4 Ne5+ 52. dxe5 R4xc5 53. Rb6 Rxa5 54. Rxb7+ Kxb7 55. Rxa5 fxe5 56. Rxd5 Rf7+ 57. Ke4 Rxf2 58. Rd7+ Kc8 59. Rd6 a5 60. Rxh6 Kb7 61. g5 a4 62. g6 Rg2 63. Rh7+ Kb6 1-0

[Event "LSS WC-2010-S-00014"]
[Site "LSS email"]
[Date "2007.12.15"]
[Round "?"]
[White "Petrov, Milen Stoyanov"]
[Black "Ribeiro, Vitor Manuel"]
[Result "1-0"]
[WhiteElo "2527"]
[BlackElo "2132"]
[PlyCount "77"]
[EventDate "2007.12.15"]
[EventType "tourn (corr)"]
[EventRounds "10"]
[EventCountry "GER"]
[SourceTitle "Corr 2011"]
[Source "ChessBase"]
[SourceDate "2010.08.31"]
[SourceVersion "1"]
[SourceVersionDate "2010.08.31"]
[SourceQuality "1"]

1. e4 c5 2. Nf3 d6 3. d4 cxd4 4. Nxd4 Nf6 5. Nc3 a6 6. Bg5 e6 7. f4 Be7 8. Qf3 Qc7 9. 0-0-0 Nbd7 10. g4 b5 11. Bxf6 Nxf6 12. g5 Nd7 13. f5 Nc5 14. f6 gxf6 15. gxf6 Bf8 16. Rg1 h5 17. a3 Rb8 18. e5 d5 19. Bh3 Bd7 20. Kb1 Qb7 21. b4 Na4 22. Rg7 Nxc3+ 23. Qxc3 Qb6 24. Rdg1 Bxg7 25. fxg7 Rg8 26. Qe3 a5 27. Bf1 Qc7 28. Be2 axb4 29. Bxh5 Qc5 30. Qf4 Qe7 31. Nf5 exf5 32. e6 Bxe6 33. Qxb8+ Qd8 34. Qxb5+ Ke7 35. Qxb4+ Qd6 36. h4 f4 37. Qxd6+ Kxd6 38. Be2 Bf5 39. h5 1-0

[Event "LSS WC-2010-S-00014"]
[Site "LSS email"]
[Date "2007.12.15"]
[Round "?"]
[White "Ribeiro, Vitor Manuel"]
[Black "Shields, Glen D"]
[Result "1-0"]
[WhiteElo "2138"]
[BlackElo "2285"]
[PlyCount "135"]
[EventDate "2007.12.15"]
[EventType "tourn (corr)"]
[EventRounds "10"]
[EventCountry "GER"]
[SourceTitle "Corr 2015"]
[Source "ChessBase"]
[SourceDate "2015.07.17"]
[SourceVersion "1"]
[SourceVersionDate "2015.07.17"]
[SourceQuality "1"]

1. Nf3 c5 2. c4 g6 3. d4 cxd4 4. Nxd4 Bg7 5. e4 Nc6 6. Be3 Nf6 7. Nc3 0-0 8. Be2 d6 9. 0-0 Bd7 10. Qd2 Nxd4 11. Bxd4 Bc6 12. f3 a5 13. b3 Nd7 14. Be3 Nc5 15. Rab1 Qb6 16. Rfc1 Rfc8 17. Rc2 Qd8 18. Bf1 b6 19. a3 Ra7 20. b4 axb4 21. axb4 Nd7 22. Nd5 e6 23. Nc3 Be5 24. Bd4 Bxd4+ 25. Qxd4 Nf6 26. Rd2 e5 27. Qe3 Ne8 28. Rbd1 Qc7 29. f4 exf4 30. Qxf4 Rca8 31. Qf2 Ra1 32. Qd4 Rxd1 33. Rxd1 Ra3 34. Kh1 Qb7 35. b5 Bd7 36. Nd5 Be6 37. Nxb6 Qa7 38. h3 h5 39. Kg1 Kh7 40. Nd5 Qxd4+ 41. Rxd4 Rb3 42. Kf2 Kg7 43. Ne7 g5 44. Nc6 g4 45. hxg4 hxg4 46. Bd3 Kf6 47. Ke3 Rb2 48. Be2 Kg5 49. Nd8 Rb3+ 50. Rd3 Rb4 51. Rd2 g3 52. Kd4 Kf6 53. Ra2 Rb1 54. Bd3 Rg1 55. b6 Bc8 56. b7 Bxb7 57. Nxb7 Ke7 58. e5 dxe5+ 59. Kxe5 Nc7 60. Nc5 Re1+ 61. Re2 Ra1 62. Re3 Ra2 63. Rxg3 Ne8 64. Ne4 Ra1 65. c5 Rh1 66. Rf3 Rh5+ 67. Kd4 Nc7 68. Bc4 1-0

[Event "LSS WC-2011-P-00013"]
[Site "LSS email"]
[Date "2007.04.04"]
[Round "?"]
[White "Ribeiro, Vitor Manuel"]
[Black "Onder, Evren"]
[Result "1-0"]
[WhiteElo "2138"]
[BlackElo "2237"]
[PlyCount "27"]
[EventDate "2007.04.04"]
[EventType "tourn (corr)"]
[EventRounds "6"]
[EventCountry "GER"]
[SourceTitle "Corr 2015"]
[Source "ChessBase"]
[SourceDate "2015.07.17"]
[SourceVersion "1"]
[SourceVersionDate "2015.07.17"]
[SourceQuality "1"]

1. d4 d5 2. c4 Nc6 3. cxd5 Qxd5 4. e3 e5 5. Nc3 Bb4 6. Bd2 Bxc3 7. Bxc3 exd4 8. Ne2 Nf6 9. Nxd4 0-0 10. Nxc6 Qxc6 11. Rc1 Qe6 12. Qd4 c5 13. Qh4 Nd5 14. Bd2 1-0

[Event "CFriend SH-2005-0-00035 email"]
[Site "Chessfriend.com"]
[Date "2005.06.05"]
[Round "1"]
[White "Daanen, Aard"]
[Black "Ribeiro, Vitor Manuel"]
[Result "0-1"]
[WhiteElo "2081"]
[BlackElo "2081"]
[PlyCount "176"]
[EventDate "2005.06.05"]
[EventType "tourn (corr)"]
[EventRounds "6"]
[SourceTitle "Corr 2024"]
[Source "ChessBase"]
[SourceDate "2023.10.19"]
[SourceVersion "1"]
[SourceVersionDate "2023.10.19"]
[SourceQuality "1"]

1. e4 e5 2. Nf3 Nc6 3. Bc4 Bc5 4. c3 Nf6 5. d4 exd4 6. cxd4 Bb4+ 7. Nc3 Nxe4 8. 0-0 Bxc3 9. bxc3 d5 10. Bd3 0-0 11. Qc2 Re8 12. Re1 Bf5 13. Bf4 Qf6 14. Rab1 b6 15. Bxc7 Rac8 16. Bg3 Re6 17. Re3 Qh6 18. a3 Ne7 19. Rbe1 Rxc3 20. Qa4 Ng6 21. Bb8 Nf8 22. Qxa7 Nxf2 23. Rxe6 Bxe6 24. Kxf2 Rxd3 25. Bd6 g5 26. Qe7 Qg7 27. Be5 Ng6 28. Qd8+ Qf8 29. Qxg5 Rxa3 30. Rb1 h6 31. Qd2 Ra6 32. Qe2 Qc8 33. Kg1 Bf5 34. Re1 Be4 35. Bg3 Ra4 36. Qb2 Bxf3 37. gxf3 Qf5 38. Qxb6 Qxf3 39. Rf1 Qe3+ 40. Bf2 Qe4 41. Qb8+ Kg7 42. Qg3 Rb4 43. Be3 Rb2 44. h3 Re2 45. Rf3 h5 46. Kf1 Rc2 47. Kg1 f5 48. Rf2 h4 49. Qf3 Rxf2 50. Qxf2 f4 51. Bd2 Kf6 52. Kh2 Kg5 53. Qg1+ Kh6 54. Qf2 Kh7 55. Bc1 Kg7 56. Bd2 f3 57. Be1 Kf7 58. Kg1 Nf4 59. Qxh4 Nxh3+ 60. Qxh3 Qxe1+ 61. Kh2 Qf2+ 62. Kh1 Qe2 63. Qg3 Kf6 64. Qd6+ Kf5 65. Qxd5+ Kf4 66. Qg8 Ke3 67. Qg4 Kd3 68. Qf5+ Kc3 69. Qa5+ Kb3 70. Qb6+ Kc2 71. Qg6+ Kd2 72. Qg5+ Kd1 73. Qg6 Ke1 74. Qg5 f2 75. Qc1+ Qd1 76. Qe3+ Kf1 77. Kh2 Qh5+ 78. Kg3 Qg6+ 79. Kf3 Qg2+ 80. Kf4 Kg1 81. Kf5 Kh2 82. Qf4+ Qg3 83. Qc1 Kg2 84. Ke6 f1Q 85. Qc2+ Kg1 86. d5 Qfh3+ 87. Ke7 Qe5+ 88. Kd8 Qhh8+ 0-1

[Event "CFriend SH-2005-0-00035 email"]
[Site "Chessfriend.com"]
[Date "2005.06.05"]
[Round "1"]
[White "Malmstroem, Jan"]
[Black "Ribeiro, Vitor Manuel"]
[Result "0-1"]
[WhiteElo "1915"]
[BlackElo "2081"]
[PlyCount "98"]
[EventDate "2005.06.05"]
[EventType "tourn (corr)"]
[EventRounds "6"]
[SourceTitle "Corr 2008"]
[Source "ChessBase"]
[SourceDate "2008.06.24"]
[SourceVersion "1"]
[SourceVersionDate "2008.06.24"]
[SourceQuality "1"]

1. d4 d5 2. c4 Nc6 3. Nc3 dxc4 4. Nf3 Nf6 5. d5 Na5 6. Qa4+ c6 7. dxc6 Nxc6 8. e4 e6 9. Bxc4 Bd7 10. Qc2 Rc8 11. 0-0 Qc7 12. Nb5 Qb8 13. Qe2 a6 14. Nc3 Ng4 15. g3 b5 16. Bd3 Bc5 17. Kg2 0-0 18. h3 Nge5 19. Bf4 f6 20. Nxe5 Nxe5 21. Bxe5 Qxe5 22. f4 Qd6 23. Rad1 Qe7 24. Rd2 Bc6 25. a3 Bd4 26. Rc1 Qa7 27. Rdc2 Bb7 28. Kh2 Qb6 29. b4 Rc7 30. Na2 Rxc2 31. Bxc2 Kh8 32. Rf1 Rc8 33. Bb3 f5 34. Bc2 Be3 35. Rd1 fxe4 36. Bb1 Bd5 37. Re1 Bf2 38. Rf1 e3 39. Nc1 Qc7 40. Qg4 Rf8 41. Bd3 Ba8 42. Qh5 g5 43. Qxg5 Bxg3+ 44. Qxg3 Rg8 45. Qxg8+ Kxg8 46. Be2 Qc2 47. Rg1+ Kf8 48. Kg3 Be4 49. Rf1 Qb2 0-1

[Event "CFriend SH-2005-0-00035 email"]
[Site "Chessfriend.com"]
[Date "2005.06.05"]
[Round "1"]
[White "Ribeiro, Vitor Manuel"]
[Black "Bernal Varela, Nelson"]
[Result "1/2-1/2"]
[WhiteElo "2081"]
[BlackElo "2172"]
[PlyCount "118"]
[EventDate "2005.06.05"]
[EventType "tourn (corr)"]
[EventRounds "6"]
[SourceTitle "Corr 2008"]
[Source "ChessBase"]
[SourceDate "2008.06.24"]
[SourceVersion "1"]
[SourceVersionDate "2008.06.24"]
[SourceQuality "1"]

1. d4 Nf6 2. c4 e6 3. Nf3 b6 4. g3 Bb4+ 5. Bd2 Bxd2+ 6. Nbxd2 Bb7 7. Bg2 0-0 8. 0-0 c5 9. e3 Qe7 10. a3 d6 11. Qc2 cxd4 12. exd4 Rc8 13. Qd3 d5 14. Rfe1 Rc7 15. b3 Nc6 16. Qc3 dxc4 17. bxc4 Na5 18. Rab1 Rac8 19. Bf1 Qd6 20. c5 Qd8 21. Qc2 Nc6 22. cxb6 axb6 23. Qb2 Nd5 24. Rbc1 Nce7 25. Rxc7 Qxc7 26. Nc4 Nf5 27. Nfd2 Qd8 28. Bg2 Rb8 29. Be4 b5 30. Ne5 Nde7 31. Bxf5 Nxf5 32. Qxb5 Nxd4 33. Qd7 Qxd7 34. Nxd7 Rd8 35. Ne5 Nb5 36. Nb3 Nxa3 37. Na5 Bd5 38. Nac6 Rd6 39. Ra1 Bxc6 40. Nxc6 Rxc6 41. Rxa3 h5 42. h4 Kh7 43. Kg2 Kg6 44. Ra5 Rc3 45. Rb5 f6 46. Rb7 e5 47. Re7 Rc5 48. Kf3 f5 49. Kg2 e4 50. Kf1 Kf6 51. Rb7 Rc3 52. Rb6+ Kf7 53. Rb7+ Kg6 54. Ke2 Ra3 55. Rb6+ Kh7 56. Rb5 g6 57. Rb7+ Kh6 58. Rd7 Rb3 59. Rd8 Kg7 1/2-1/2

[Event "CFriend SH-2005-0-00035 email"]
[Site "Chessfriend.com"]
[Date "2005.06.05"]
[Round "1"]
[White "Ribeiro, Vitor Manuel"]
[Black "Nenciulescu, Silviu Catalin"]
[Result "1/2-1/2"]
[WhiteElo "2081"]
[BlackElo "2056"]
[PlyCount "68"]
[EventDate "2005.06.05"]
[EventType "tourn (corr)"]
[EventRounds "6"]
[SourceTitle "Corr 2008"]
[Source "ChessBase"]
[SourceDate "2008.06.24"]
[SourceVersion "1"]
[SourceVersionDate "2008.06.24"]
[SourceQuality "1"]

1. c4 Nf6 2. Nc3 c5 3. g3 e6 4. Nf3 b6 5. Bg2 Bb7 6. 0-0 Be7 7. Re1 Ne4 8. Nxe4 Bxe4 9. d3 Bb7 10. e4 0-0 11. d4 cxd4 12. Nxd4 d6 13. b3 a6 14. Ba3 Qc7 15. Qh5 Nd7 16. f4 b5 17. cxb5 Qb6 18. Rad1 axb5 19. Bb4 e5 20. fxe5 dxe5 21. Bxe7 Rfe8 22. Bb4 exd4 23. Qf5 Ne5 24. Qf2 Red8 25. Rf1 f6 26. h3 Nc6 27. Bc3 Qa7 28. Bb2 d3 29. Qxa7 Rxa7 30. Rf2 b4 31. Bf1 Ba6 32. Rf5 Bc8 33. Rc5 Bb7 34. Bxd3 Rxa2 1/2-1/2

[Event "CFriend SH-2005-0-00035 email"]
[Site "Chessfriend.com"]
[Date "2005.06.05"]
[Round "1"]
[White "Ribeiro, Vitor Manuel"]
[Black "Noble, Mark Frederick"]
[Result "1-0"]
[WhiteElo "2081"]
[BlackElo "2167"]
[PlyCount "81"]
[EventDate "2005.06.05"]
[EventType "tourn (corr)"]
[EventRounds "6"]
[SourceTitle "Corr 2008"]
[Source "ChessBase"]
[SourceDate "2008.06.24"]
[SourceVersion "1"]
[SourceVersionDate "2008.06.24"]
[SourceQuality "1"]

1. e4 c5 2. Nf3 Nc6 3. d4 cxd4 4. Nxd4 Nf6 5. Nc3 e5 6. Ndb5 d6 7. Bg5 a6 8. Na3 b5 9. Bxf6 gxf6 10. Nd5 f5 11. Bd3 Be6 12. 0-0 Bg7 13. Qh5 f4 14. c4 b4 15. Nc2 Rb8 16. b3 a5 17. Kh1 h6 18. Rg1 Qg5 19. Qd1 0-0 20. g3 f3 21. g4 Bxd5 22. exd5 Nd4 23. Nxd4 exd4 24. Qxf3 Rfe8 25. Raf1 Re5 26. Qg3 Qe7 27. Bf5 Qf6 28. Qh3 Kf8 29. f4 Re3 30. g5 hxg5 31. fxg5 Qe5 32. Qh4 Rb7 33. g6 f6 34. Rg4 d3 35. Rd4 Re7 36. Bxd3 Re1 37. Rdf4 Rxf1+ 38. Bxf1 Kg8 39. Rf3 Qe4 40. Qxe4 Rxe4 41. Bd3 1-0